000 00955nam a2200289Ia 4500
003 OSt
005 20221006155802.0
006 a|||||r|||| 00| 0
007 ta
008 221006b |||||||| |||| 00| 0 eng d
020 _a9780742508514
_c£21.95
024 _a43,503
037 _b317, 13/03/2013, Dhanraj Book House
_cTextual
040 _aEASL
_cEASL
_beng
041 _2eng
_aeng
082 _aV4:191,(zP).N9, P2
100 _aGurtov Mel
_997291
245 0 _aPacific Asia?
_b Prospects for security and cooperation in East Asia
260 _aLanham
_bRowman and Littlefield Publishers
_c2002
300 _a269p.
_ccm.
490 _v Gen
_aAsia in World poltics
650 _a Gen
650 _a National security-East Asia
_9653399
650 _aEast Asia - relations-foreign contries
_9670385
942 _hV4:191,(zP).N9, P2
_cTEXL
_2CC
999 _c1111589
_d1111589